[Event "Oberliga Sued W 9697"]
[Site "Germany"]
[Date "1997.??.??"]
[Round "?"]
[White "Bode, Ulf"]
[Black "Schiff, Armin"]
[Result "1-0"]
[WhiteElo "2230"]
[BlackElo "2215"]
[PlyCount "79"]
[EventDate "1996.10.??"]
[EventType "team-tourn"]
[EventRounds "9"]
[EventCountry "GER"]
[SourceTitle "EXT 2000"]
[Source "ChessBase"]
[SourceDate "1999.11.16"]
[SourceVersion "1"]
[SourceVersionDate "1999.11.16"]
[SourceQuality "1"]

1. f4 d5 2. Nf3 Nf6 3. e3 Bg4 4. h3 Bxf3 5. Qxf3 e6 6. Nc3 c6 7. d3 Bb4 8. Bd2 d4 9. exd4 Qxd4 10. a3 Ba5 11. Qf2 Qxf2+ 12. Kxf2 0-0 13. b4 Bc7 14. g4 a5 15. Bg2 axb4 16. axb4 Nbd7 17. Ne2 Bb6+ 18. Kf3 e5 19. f5 Rad8 20. Ng3 Rfe8 21. Rhe1 Nd5 22. Ne4 Bc7 23. Ra7 Rb8 24. Nc5 Bb6 25. Nxd7 Bxa7 26. Nxb8 Bxb8 27. c4 Nb6 28. Kf2 Bc7 29. Ra1 Rb8 30. Ke2 Nc8 31. Be3 Kf8 32. h4 f6 33. Be4 Ke8 34. g5 Nd6 35. Bc5 Nxe4 36. dxe4 b6 37. Be3 Kd7 38. Ra7 Kc8 39. g6 hxg6 40. fxg6 1-0

[Event "Oberliga Sued W 9697"]
[Site "Germany"]
[Date "1997.??.??"]
[Round "?"]
[White "Pax, Horst"]
[Black "Bode, Ulf"]
[Result "0-1"]
[WhiteElo "2170"]
[BlackElo "2230"]
[PlyCount "48"]
[EventDate "1996.10.??"]
[EventType "team-tourn"]
[EventRounds "9"]
[EventCountry "GER"]
[SourceTitle "EXT 2000"]
[Source "ChessBase"]
[SourceDate "1999.11.16"]
[SourceVersion "1"]
[SourceVersionDate "1999.11.16"]
[SourceQuality "1"]

1. e4 e6 2. d4 d5 3. Nc3 Nf6 4. e5 Nfd7 5. f4 c5 6. Nf3 Nc6 7. Be3 Qb6 8. Na4 Qa5+ 9. c3 cxd4 10. b4 Qc7 11. Nxd4 Nxd4 12. Bxd4 Nb8 13. a3 Nc6 14. Be3 g5 15. g3 gxf4 16. gxf4 Be7 17. h4 b6 18. Rc1 Bb7 19. Rh3 0-0-0 20. Bd3 Kb8 21. Qc2 Rhg8 22. c4 dxc4 23. Bxc4 Nd4 24. Qf2 Rg2 0-1

[Event "Oberliga Sued W 9697"]
[Site "Germany"]
[Date "1996.??.??"]
[Round "?"]
[White "Haas, Frank Martin"]
[Black "Bode, Ulf"]
[Result "0-1"]
[WhiteElo "2235"]
[BlackElo "2230"]
[PlyCount "46"]
[EventDate "1996.10.??"]
[EventType "team-tourn"]
[EventRounds "9"]
[EventCountry "GER"]
[SourceTitle "EXT 2000"]
[Source "ChessBase"]
[SourceDate "1999.11.16"]
[SourceVersion "1"]
[SourceVersionDate "1999.11.16"]
[SourceQuality "1"]

1. e4 e6 2. d4 d5 3. Nc3 Nf6 4. Bg5 Be7 5. e5 Nfd7 6. Bxe7 Qxe7 7. Qd2 0-0 8. f4 c5 9. Nf3 Nc6 10. 0-0-0 c4 11. f5 Rb8 12. Qg5 f6 13. exf6 Nxf6 14. Re1 Qd6 15. fxe6 Bxe6 16. g3 b5 17. Bg2 b4 18. Nd1 b3 19. cxb3 cxb3 20. a3 Ne4 21. Qe3 Rfc8 22. Kb1 Bf5 23. Ka1 Nb4 0-1

[Event "BL2-Ost 9495"]
[Site "Germany"]
[Date "1995.??.??"]
[Round "9.5"]
[White "Lorenz, Gerd"]
[Black "Bode, Ulf"]
[Result "1-0"]
[WhiteElo "2235"]
[BlackElo "2240"]
[PlyCount "67"]
[EventDate "1994.10.??"]
[EventType "team-tourn"]
[EventRounds "9"]
[EventCountry "GER"]
[SourceTitle "GER-chT2"]
[Source "ChessBase"]
[SourceDate "1999.07.01"]
[SourceVersion "1"]
[SourceVersionDate "1999.07.01"]
[SourceQuality "1"]
[WhiteTeam "Chemnitz Lok"]
[BlackTeam "Schoeneck"]
[WhiteTeamCountry "GER"]
[BlackTeamCountry "GER"]

1. d4 Nf6 2. Nf3 g6 3. c3 Bg7 4. Bf4 d6 5. h3 0-0 6. e3 e6 7. Be2 Qe7 8. Bh2 Nc6 9. Nbd2 Bd7 10. 0-0 Kh8 11. Re1 Nh5 12. e4 e5 13. dxe5 dxe5 14. Bf1 Nd8 15. Nc4 f6 16. Ne3 c6 17. Nc4 Nf7 18. a4 Rfd8 19. Qc2 Bh6 20. b4 Ng7 21. Nfd2 Ne6 22. Kh1 Rac8 23. Nb3 Be8 24. f3 b5 25. Nb2 c5 26. bxc5 Nxc5 27. axb5 Nxb3 28. Qxb3 Bd2 29. Red1 Rxc3 30. Qa4 Be3 31. Rxd8 Nxd8 32. Nd1 Bd4 33. Nxc3 Bxc3 34. Qxa7 1-0

[Event "Oberliga Ost-B 9394"]
[Site "Germany"]
[Date "1994.??.??"]
[Round "?"]
[White "Bode, Ulf"]
[Black "Machelett, Heiko"]
[Result "1/2-1/2"]
[WhiteElo "2255"]
[BlackElo "2270"]
[PlyCount "87"]
[EventDate "1993.10.??"]
[EventType "team-tourn"]
[EventRounds "9"]
[EventCountry "GER"]
[SourceTitle "GER"]
[Source "ChessBase"]
[SourceDate "1999.07.01"]
[SourceVersion "1"]
[SourceVersionDate "1999.07.01"]
[SourceQuality "1"]

1. d4 Nf6 2. c4 g6 3. Nc3 Bg7 4. e4 d6 5. f4 0-0 6. Nf3 Na6 7. e5 Ne8 8. c5 dxc5 9. d5 f6 10. Bc4 fxe5 11. fxe5 Bg4 12. Qe2 Bxf3 13. gxf3 Kh8 14. Bg5 Qd7 15. h4 Qf5 16. f4 Nb4 17. 0-0-0 a6 18. a3 b5 19. axb4 bxc4 20. bxc5 h6 21. Qxc4 Nf6 22. Bxf6 exf6 23. e6 h5 24. Qe4 Qxe4 25. Nxe4 Rfe8 26. Rhe1 Rab8 27. Nc3 Bh6 28. Rd4 Rbd8 29. Kb1 Bf8 30. Na4 f5 31. Rd2 Bh6 32. Rd4 Bg7 33. Rd3 Bh6 34. e7 Rd7 35. d6 cxd6 36. cxd6 Bxf4 37. Re6 Kg7 38. Nb6 Rxd6 39. Rexd6 Bxd6 40. Rxd6 Rxe7 41. Nd5 Re4 42. Rd7+ Kf8 43. Kc2 Rxh4 44. Nf6 1/2-1/2

[Event "BL2-West 9293"]
[Site "Germany"]
[Date "1992.??.??"]
[Round "?.7"]
[White "Gustavsson, Cyrill"]
[Black "Bode, Ulf"]
[Result "0-1"]
[WhiteElo "2210"]
[BlackElo "2255"]
[PlyCount "86"]
[EventDate "1992.10.??"]
[EventType "team-tourn"]
[EventRounds "9"]
[EventCountry "GER"]
[SourceTitle "GER-chT2"]
[Source "ChessBase"]
[SourceDate "1999.07.01"]
[SourceVersion "1"]
[SourceVersionDate "1999.07.01"]
[SourceQuality "1"]
[WhiteTeam "Frankfurt"]
[BlackTeam "Schoeneck"]
[WhiteTeamCountry "GER"]
[BlackTeamCountry "GER"]

1. d4 Nf6 2. c4 g6 3. Nc3 Bg7 4. e4 d6 5. f3 0-0 6. Be3 e5 7. d5 Nh5 8. Qd2 Qh4+ 9. g3 Nxg3 10. Qf2 Nxf1 11. Qxh4 Nxe3 12. Ke2 Nxc4 13. Rc1 Na6 14. Nd1 Nb6 15. Ne3 Bd7 16. Nh3 f6 17. Nf2 Rad8 18. Rhg1 Nc8 19. Nfg4 Ne7 20. Nh6+ Kh8 21. Kd2 c6 22. Rg3 cxd5 23. Nef5 Bxh6+ 24. Nxh6 dxe4 25. fxe4 Nc5 26. Ke3 Ne6 27. Rf1 Nf4 28. Rgg1 d5 29. Rxf4 exf4+ 30. Qxf4 dxe4 31. Rd1 Kg7 32. Qc7 Kxh6 33. Rxd7 Nd5+ 34. Rxd5 Rxd5 35. Qxb7 Re5 36. Qc7 a5 37. h4 Ree8 38. Qxa5 f5 39. Kf4 e3 40. Kf3 e2 41. Qe1 f4 42. a4 Re3+ 43. Kf2 Rd8 0-1

[Event "Schoeneck"]
[Site "Schoeneck"]
[Date "1991.??.??"]
[Round "10"]
[White "Bode, Ulf"]
[Black "Del Rio, Roland"]
[Result "0-1"]
[WhiteElo "2265"]
[BlackElo "2245"]
[PlyCount "76"]
[EventDate "1991.??.??"]
[EventType "tourn"]
[EventRounds "11"]
[EventCountry "GER"]
[EventCategory "1"]
[SourceTitle "GER"]
[Source "ChessBase"]
[SourceDate "1999.07.01"]
[SourceVersion "1"]
[SourceVersionDate "1999.07.01"]
[SourceQuality "1"]

1. d4 Nf6 2. c4 e6 3. Nc3 d5 4. cxd5 exd5 5. Bf4 c6 6. Qc2 Bd6 7. Bxd6 Qxd6 8. e3 Bg4 9. Bd3 Bh5 10. Nge2 Bg6 11. f3 Bxd3 12. Qxd3 Nbd7 13. e4 dxe4 14. fxe4 0-0 15. Qc2 Qb4 16. a3 Qb6 17. b4 a5 18. Rb1 axb4 19. axb4 Rfd8 20. 0-0 Nf8 21. Kh1 Ne6 22. e5 Nd5 23. Qf5 Qc7 24. Nxd5 Rxd5 25. Nf4 Nxf4 26. Rxf4 Rad8 27. Qe4 Qd7 28. Rd1 Qe6 29. Qf3 Rb5 30. Rf1 Rd7 31. Qg3 h5 32. Rf6 Qg4 33. Qxg4 hxg4 34. e6 fxe6 35. Rxe6 Rxd4 36. h3 gxh3 37. gxh3 Rdxb4 38. Rf4 Rxf4 0-1

[Event "BL2-Sued-West 9091"]
[Site "Germany"]
[Date "1991.??.??"]
[Round "?.3"]
[White "Bode, Ulf"]
[Black "Rechel, Bernd"]
[Result "0-1"]
[WhiteElo "2250"]
[BlackElo "2350"]
[PlyCount "80"]
[EventDate "1990.10.??"]
[EventType "team-tourn"]
[EventRounds "9"]
[EventCountry "GER"]
[SourceTitle "GER-chT2"]
[Source "ChessBase"]
[SourceDate "1999.07.01"]
[SourceVersion "1"]
[SourceVersionDate "1999.07.01"]
[SourceQuality "1"]
[WhiteTeam "Schoeneck"]
[BlackTeam "Hofheim"]
[WhiteTeamCountry "GER"]
[BlackTeamCountry "GER"]

1. d4 Nf6 2. c4 g6 3. Nc3 Bg7 4. e4 d6 5. Be2 0-0 6. Nf3 e5 7. 0-0 Nc6 8. d5 Ne7 9. b4 Nh5 10. c5 h6 11. a4 f5 12. Nd2 Nf4 13. f3 g5 14. Nc4 Nxe2+ 15. Qxe2 f4 16. Ba3 h5 17. b5 Rf6 18. b6 axb6 19. cxd6 cxd6 20. Rab1 Ra6 21. Nb5 g4 22. Bxd6 gxf3 23. gxf3 Bh3 24. Rf2 Ng6 25. Kh1 Rf7 26. Rg1 Kh7 27. Qc2 Bf6 28. Rd2 Nh4 29. Qb3 Qh8 30. Bxe5 Bxe5 31. Rg5 Qf6 32. Rxh5+ Kg6 33. Rxe5 Kh6 34. Nbd6 Rg7 35. Nf5+ Nxf5 36. exf5 b5 37. Qxb5 Qg5 38. Qc5 Rxa4 39. Re6+ Kh5 40. Nb2 Ra1+ 0-1

[Event "BL2-Sued-West 9091"]
[Site "Germany"]
[Date "1991.??.??"]
[Round "?.3"]
[White "Mandel, Andreas"]
[Black "Bode, Ulf"]
[Result "1/2-1/2"]
[WhiteElo "2360"]
[BlackElo "2250"]
[PlyCount "106"]
[EventDate "1990.10.??"]
[EventType "team-tourn"]
[EventRounds "9"]
[EventCountry "GER"]
[SourceTitle "GER-chT2"]
[Source "ChessBase"]
[SourceDate "1999.07.01"]
[SourceVersion "1"]
[SourceVersionDate "1999.07.01"]
[SourceQuality "1"]
[WhiteTeam "Viernheim"]
[BlackTeam "Schoeneck"]
[WhiteTeamCountry "GER"]
[BlackTeamCountry "GER"]

1. d4 Nf6 2. Nf3 g6 3. c4 Bg7 4. g3 0-0 5. Bg2 d6 6. 0-0 Nbd7 7. Nc3 e5 8. h3 Re8 9. e4 exd4 10. Nxd4 Nc5 11. Re1 Bd7 12. Rb1 h6 13. Kh2 Qc8 14. Bf4 a6 15. b4 Ne6 16. Nxe6 Bxe6 17. Nd5 Nd7 18. Rc1 Qd8 19. Be3 a5 20. a3 axb4 21. axb4 g5 22. Bd4 Ne5 23. f4 gxf4 24. gxf4 Ng4+ 25. hxg4 Qh4+ 26. Kg1 Ra2 27. Nc3 Bxg4 28. Nxa2 Bxd1 29. Rexd1 Bxd4+ 30. Rxd4 Qxf4 31. Re1 Ra8 32. Nc3 Ra1 33. Rdd1 Ra3 34. Rd3 Qe5 35. Ree3 Ra1+ 36. Kf2 Qf4+ 37. Rf3 Qc1 38. Rde3 c6 39. Kg3 Qb2 40. Kh2 Qxb4 41. e5 dxe5 42. Ne4 Qxc4 43. Rf5 Qd4 44. Rg3+ Kf8 45. Rgf3 Ra2 46. Rxf7+ Ke8 47. Rf8+ Ke7 48. R3f7+ Ke6 49. Rf6+ Ke7 50. R6f7+ Ke6 51. Rf6+ Ke7 52. R8f7+ Ke8 53. Rf8+ Ke7 1/2-1/2

[Event "Berliner Sommer 08th"]
[Site "Berlin"]
[Date "1990.08.16"]
[Round "6"]
[White "Bode, Ulf"]
[Black "Welz, Peter"]
[Result "1-0"]
[WhiteElo "2250"]
[BlackElo "2130"]
[PlyCount "102"]
[EventDate "1990.08.11"]
[EventType "swiss"]
[EventRounds "9"]
[EventCountry "GER"]
[SourceTitle "EXT 1997"]
[Source "ChessBase"]
[SourceDate "1996.11.15"]
[SourceVersion "1"]
[SourceVersionDate "1996.11.15"]
[SourceQuality "1"]

1. d4 f5 2. c4 Nf6 3. g3 g6 4. Bg2 Bg7 5. Nf3 0-0 6. 0-0 d6 7. Nc3 Nc6 8. d5 Ne5 9. Qc2 a6 10. b3 Qe8 11. Nxe5 dxe5 12. Ba3 g5 13. Rad1 f4 14. Ne4 Nxe4 15. Bxe4 Rf6 16. f3 h5 17. e3 fxe3 18. Bc1 Bh3 19. Rfe1 g4 20. Bxe3 gxf3 21. Rd2 Qf7 22. Rf2 h4 23. Bg5 hxg3 24. hxg3 Bg2 25. Bxf6 Qxf6 26. Bf5 Rf8 27. Be6+ Kh8 28. Re4 Bh6 29. Rh4 e4 30. Qb2 Qxb2 31. Rxb2 e3 32. Rxg2 fxg2 33. Bf5 Kg7 34. Rg4+ Kf6 35. Bd3 Ke5 36. Re4+ Kd6 37. Kxg2 Rf2+ 38. Kg1 Bg5 39. b4 Rxa2 40. Re6+ Kd7 41. Bf5 Ke8 42. Bg4 Bf6 43. Kf1 Rf2+ 44. Ke1 Bc3+ 45. Kd1 Bxb4 46. Rxe3 a5 47. Bh5+ Kd7 48. Bg4+ Kd8 49. Rf3 Rd2+ 50. Kc1 c6 51. c5 Rxd5 1-0

[Event "Paris-ch op"]
[Site "Paris"]
[Date "1990.??.??"]
[Round "?"]
[White "Adorjan, Andras"]
[Black "Bode, Ulf"]
[Result "1/2-1/2"]
[WhiteElo "2520"]
[BlackElo "2235"]
[PlyCount "41"]
[EventDate "1990.05.??"]
[EventType "swiss"]
[EventRounds "9"]
[EventCountry "FRA"]
[SourceTitle "EXT 1997"]
[Source "ChessBase"]
[SourceDate "1996.11.15"]
[SourceVersion "1"]
[SourceVersionDate "1996.11.15"]
[SourceQuality "1"]

1. d4 Nf6 2. Nf3 g6 3. c4 Bg7 4. g3 0-0 5. Bg2 d6 6. 0-0 Nbd7 7. Nc3 e5 8. h3 Re8 9. Re1 c6 10. e4 exd4 11. Nxd4 a5 12. Rb1 h6 13. b3 Nc5 14. Re2 Qb6 15. Be3 Bd7 16. Qc2 Re7 17. Nf3 Qc7 18. Bd4 Ne6 19. Be3 Nc5 20. Bd4 Ne6 21. Be3 1/2-1/2

[Event "Paris-ch op"]
[Site "Paris"]
[Date "1990.??.??"]
[Round "?"]
[White "Bode, Ulf"]
[Black "Bernard, Christophe"]
[Result "1-0"]
[WhiteElo "2235"]
[BlackElo "2340"]
[PlyCount "109"]
[EventDate "1990.05.??"]
[EventType "swiss"]
[EventRounds "9"]
[EventCountry "FRA"]
[SourceTitle "EXT 1997"]
[Source "ChessBase"]
[SourceDate "1996.11.15"]
[SourceVersion "1"]
[SourceVersionDate "1996.11.15"]
[SourceQuality "1"]

1. d4 Nf6 2. c4 g6 3. Nc3 d5 4. cxd5 Nxd5 5. g3 Bg7 6. Bg2 Nxc3 7. bxc3 c5 8. e3 0-0 9. Ne2 Qc7 10. 0-0 Nd7 11. Rb1 Rb8 12. Nf4 Nf6 13. e4 e5 14. dxe5 Qxe5 15. Qc2 Bd7 16. c4 Qe8 17. Re1 Ba4 18. Qe2 Nd7 19. Nd5 Ne5 20. Bh6 f6 21. Bxg7 Kxg7 22. f4 Nc6 23. e5 fxe5 24. Nc3 Nd4 25. Qxe5+ Qxe5 26. Rxe5 Bc6 27. Rxc5 Rfe8 28. Bxc6 bxc6 29. Rxb8 Rxb8 30. Kf2 Rb2+ 31. Ke3 Nf5+ 32. Kd3 Rxh2 33. Rxc6 Nxg3 34. Rc7+ Kh6 35. c5 Rf2 36. Rf7 Nf5 37. c6 Rf3+ 38. Kd2 Rxf4 39. Nb5 Rc4 40. Nxa7 Ra4 41. Nb5 Rxa2+ 42. Kd3 Ra1 43. c7 Rc1 44. Nc3 Nd6 45. Rd7 Nc8 46. Kd2 Ra1 47. Rd8 Ra8 48. Nd5 Kg5 49. Kc2 Ra5 50. Kb3 Na7 51. Nc3 Kf5 52. Ra8 Ke6 53. Rxa7 Rc5 54. Kb4 Rc6 55. Ra6 1-0

[Event "Paris-ch op"]
[Site "Paris"]
[Date "1990.??.??"]
[Round "?"]
[White "Bode, Ulf"]
[Black "Bjornsson, Tomas"]
[Result "1/2-1/2"]
[WhiteElo "2235"]
[BlackElo "2300"]
[PlyCount "58"]
[EventDate "1990.05.??"]
[EventType "swiss"]
[EventRounds "9"]
[EventCountry "FRA"]
[SourceTitle "EXT 1997"]
[Source "ChessBase"]
[SourceDate "1996.11.15"]
[SourceVersion "1"]
[SourceVersionDate "1996.11.15"]
[SourceQuality "1"]

1. d4 e6 2. e4 d5 3. Nd2 c5 4. Ngf3 Nf6 5. exd5 Nxd5 6. dxc5 Nd7 7. c6 bxc6 8. c4 N5f6 9. g3 c5 10. Bg2 Bb7 11. 0-0 Be7 12. b3 0-0 13. Bb2 a5 14. Qe2 a4 15. Rad1 Qb6 16. Ne5 Nxe5 17. Qxe5 Rfd8 18. Bxb7 Qxb7 19. f4 axb3 20. axb3 Rd3 21. f5 Rad8 22. Rf2 exf5 23. Re1 Bf8 24. Qf4 Nh5 25. Qxf5 g6 26. Qe4 Qxe4 27. Nxe4 f5 28. Nc3 Bh6 29. Nd5 Rxb3 1/2-1/2

[Event "Forli op"]
[Site "Forli"]
[Date "1990.??.??"]
[Round "3"]
[White "Bode, Ulf"]
[Black "Casadei, Mauro"]
[Result "0-1"]
[WhiteElo "2235"]
[BlackElo "2205"]
[PlyCount "46"]
[EventDate "1990.09.??"]
[EventType "swiss"]
[EventRounds "9"]
[EventCountry "ITA"]
[SourceTitle "EXT 1997"]
[Source "ChessBase"]
[SourceDate "1996.11.15"]
[SourceVersion "1"]
[SourceVersionDate "1996.11.15"]
[SourceQuality "1"]

1. d4 Nf6 2. c4 g6 3. Nc3 d5 4. cxd5 Nxd5 5. g3 Bg7 6. Bg2 Nxc3 7. bxc3 0-0 8. Rb1 c5 9. e3 Qa5 10. Qd2 Nc6 11. Ne2 Rd8 12. 0-0 Qc7 13. Ba3 b6 14. Qc2 Bb7 15. dxc5 Ne5 16. Nd4 Bxg2 17. Kxg2 bxc5 18. Ne2 Qc6+ 19. f3 Nc4 20. Bc1 Bh6 21. Nf4 e5 22. Qe2 Qa6 23. Nd3 Rxd3 0-1

[Event "BL2-Sued-West 9091"]
[Site "Germany"]
[Date "1990.??.??"]
[Round "?.3"]
[White "Bode, Ulf"]
[Black "Meyer, Ingo"]
[Result "1-0"]
[WhiteElo "2250"]
[BlackElo "2210"]
[PlyCount "69"]
[EventDate "1990.10.??"]
[EventType "team-tourn"]
[EventRounds "9"]
[EventCountry "GER"]
[SourceTitle "GER-chT2"]
[Source "ChessBase"]
[SourceDate "1999.07.01"]
[SourceVersion "1"]
[SourceVersionDate "1999.07.01"]
[SourceQuality "1"]
[WhiteTeam "Schoeneck"]
[BlackTeam "Mainz"]
[WhiteTeamCountry "GER"]
[BlackTeamCountry "GER"]

1. d4 d5 2. c4 e6 3. Nc3 Be7 4. cxd5 exd5 5. Bf4 Nf6 6. e3 0-0 7. Bd3 c5 8. Nge2 Nc6 9. 0-0 Bg4 10. Qd2 Re8 11. Rad1 cxd4 12. exd4 Rc8 13. f3 Be6 14. g4 Qd7 15. Rf2 Qd8 16. h4 Nd7 17. h5 Nf8 18. Rg2 Bb4 19. Be3 Na5 20. f4 Nc4 21. Bxc4 dxc4 22. d5 Bd7 23. Bd4 a6 24. h6 g6 25. Ng3 Bxg4 26. Re1 Bf3 27. Rf2 Rxe1+ 28. Qxe1 Bg4 29. f5 Qe7 30. Nge4 Nd7 31. d6 Bxd6 32. Nd5 Qh4 33. Qe3 Bf8 34. Nef6+ Nxf6 35. Nxf6+ 1-0

[Event "Forli op"]
[Site "Forli"]
[Date "1990.??.??"]
[Round "4"]
[White "Bode, Ulf"]
[Black "Tagnon, Nicole"]
[Result "1-0"]
[WhiteElo "2235"]
[BlackElo "2115"]
[PlyCount "67"]
[EventDate "1990.09.??"]
[EventType "swiss"]
[EventRounds "9"]
[EventCountry "ITA"]
[SourceTitle "EXT 1997"]
[Source "ChessBase"]
[SourceDate "1996.11.15"]
[SourceVersion "1"]
[SourceVersionDate "1996.11.15"]
[SourceQuality "1"]

1. d4 Nf6 2. c4 e5 3. dxe5 Ng4 4. a3 Nc6 5. e3 Ngxe5 6. Be2 a5 7. Nc3 Bc5 8. h4 d6 9. b3 0-0 10. Bb2 Be6 11. Nf3 Qf6 12. Qd2 Qg6 13. 0-0-0 Ng4 14. Bd3 Qh6 15. Ng5 Nce5 16. Bxh7+ Kh8 17. Nce4 Ba7 18. Rde1 a4 19. f4 Nc6 20. Qc3 axb3 21. f5 Bd7 22. f6 Nce5 23. c5 Nxf6 24. cxd6 cxd6 25. Nxd6 Rac8 26. Nxc8 Rxc8 27. Qxc8+ Bxc8 28. Bxe5 Be6 29. Rd1 Bxe3+ 30. Kb2 Bb6 31. Rd6 Qh5 32. Bd3 Nd5 33. Rc1 f6 34. Rxe6 1-0

[Event "Forli op"]
[Site "Forli"]
[Date "1990.??.??"]
[Round "6"]
[White "Kaiser, Dieter"]
[Black "Bode, Ulf"]
[Result "1/2-1/2"]
[WhiteElo "2290"]
[BlackElo "2235"]
[PlyCount "75"]
[EventDate "1990.09.??"]
[EventType "swiss"]
[EventRounds "9"]
[EventCountry "ITA"]
[SourceTitle "EXT 1997"]
[Source "ChessBase"]
[SourceDate "1996.11.15"]
[SourceVersion "1"]
[SourceVersionDate "1996.11.15"]
[SourceQuality "1"]

1. d4 Nf6 2. c4 g6 3. Nc3 Bg7 4. e4 d6 5. h3 0-0 6. Bg5 Na6 7. Nf3 c6 8. Be2 e5 9. d5 h6 10. Be3 Qa5 11. Nd2 Ne8 12. a3 f5 13. b4 Qd8 14. f3 Bf6 15. Qc2 Bh4+ 16. Kd1 f4 17. Bg1 Bd7 18. Kc1 Be1 19. dxc6 bxc6 20. Kb2 Bxd2 21. Qxd2 Nac7 22. Rb1 Be6 23. Bf2 Rf7 24. Rhd1 Rd7 25. Qc2 Kg7 26. Qa4 d5 27. Qxc6 Rd6 28. Qa4 d4 29. Nd5 Nxd5 30. exd5 Rxd5 31. cxd5 Qxd5 32. Rd2 Qa2+ 33. Kc1 Rc8+ 34. Rc2 Bf5 35. Rbb2 Qa1+ 36. Rb1 Qa2 37. Rbb2 Qa1+ 38. Rb1 1/2-1/2

[Event "Yaroslavl"]
[Site "Yaroslavl"]
[Date "1990.??.??"]
[Round "?"]
[White "Lukin, Andrei M"]
[Black "Bode, Ulf"]
[Result "1/2-1/2"]
[WhiteElo "2470"]
[BlackElo "2250"]
[PlyCount "52"]
[EventDate "1990.??.??"]
[EventType "tourn"]
[EventRounds "11"]
[EventCountry "URS"]
[EventCategory "6"]
[SourceTitle "EXT 1997"]
[Source "ChessBase"]
[SourceDate "1996.11.15"]
[SourceVersion "1"]
[SourceVersionDate "1996.11.15"]
[SourceQuality "1"]

1. e4 e5 2. Nf3 Nc6 3. c3 Nf6 4. d4 Nxe4 5. d5 Ne7 6. Nxe5 Ng6 7. Qd4 Bc5 8. Qxe4 Qe7 9. b4 Bb6 10. f4 d6 11. Bb5+ c6 12. dxc6 0-0 13. Nd2 dxe5 14. Nc4 Bd4 15. Bd2 f5 16. Qe2 Nxf4 17. Bxf4 Bxc3+ 18. Kf2 a6 19. Bxe5 Bxa1 20. Rxa1 axb5 21. Nb6 Ra6 22. Nd5 Qh4+ 23. Kg1 bxc6 24. Nc7 Ra7 25. Qe3 Rb7 26. Qc5 f4 1/2-1/2